[Event "MCR 2022 D08"]
[Site "Klatovy, Czech Republic"]
[Date "2022.04.09"]
[Round "6.2"]
[White "Topencikova, Ellen"]
[Black "Kadlecova, Samantha"]
[Result "1-0"]
[WhiteElo "1000"]
[BlackElo "1000"]
[PlyCount "117"]
[EventDate "2022.04.09"]
[EventType "swiss"]
[EventRounds "9"]
[EventCountry "CZE"]

1. e4 e5 2. f4 Nc6 3. Nf3 exf4 4. Bc4 Bc5 5. d4 Bd6 6. e5 Be7 7. Bxf4 d6 8. O-O
dxe5 9. dxe5 Bg4 10. Qxd8+ Rxd8 11. Ng5 Bxg5 12. Bxg5 Rd4 13. Bxf7+ Kf8 14. c3
Re4 15. Bd5+ Ke8 16. Bxe4 Nxe5 17. Re1 Kd7 18. Bf5+ Bxf5 19. Rxe5 Bxb1 20. Rxb1
Kd6 21. Bf4 Nf6 22. Re8+ Kd7 23. Rxh8 Ke7 24. Re1+ Kf7 25. Be5 Ng4 26. Rf1+ Ke6
27. Re8+ Kd5 28. Rd1+ Kc6 29. Re6+ Kb5 30. Rd5+ c5 31. Bd6 b6 32. b3 Kc6 33.
Bxc5+ Kxd5 34. Re7 Kxc5 35. b4+ Kc4 36. Re4+ Kxc3 37. Rxg4 Kc2 38. Rxg7 h5 39.
Rxa7 Kb2 40. h3 Kc3 41. g4 hxg4 42. hxg4 Kd4 43. Rf7 Ke5 44. g5 Ke6 45. Rf1 b5
46. g6 Ke7 47. g7 Kd6 48. g8=Q Ke5 49. Qe8+ Kd5 50. Rd1+ Kc4 51. Qe4+ Kc3 52.
Qd3+ Kxb4 53. Rb1+ Kc5 54. Rc1+ Kb6 55. Qc3 Ka6 56. Qc6+ Ka5 57. Rb1 b4 58. a3
bxa3 59. Qb5# 1-0

[Event "MCR 2022 D08"]
[Site "Klatovy, Czech Republic"]
[Date "2022.04.09"]
[Round "6.3"]
[White "Mauricova, Ivana"]
[Black "Chmelova, Klara"]
[Result "0-1"]
[WhiteElo "1000"]
[BlackElo "1000"]
[PlyCount "70"]
[EventDate "2022.04.09"]
[EventType "swiss"]
[EventRounds "9"]
[EventCountry "CZE"]

1. e4 e5 2. Bc4 Nf6 3. Nf3 Nxe4 4. d3 Nd6 5. Bg5 Be7 6. Nc3 Nxc4 7. dxc4 h6 8.
O-O Bxg5 9. Nd5 c6 10. Nb4 Qa5 11. Qe1 c5 12. Qxe5+ Be7 13. Nd3 Nc6 14. Qe4 O-O
15. Ng5 Bxg5 16. Nf4 Bxf4 17. Qxf4 b6 18. Rad1 Rd8 19. Rd3 Qxa2 20. Rh3 d6 21.
Rh5 Qxb2 22. h3 Qxc2 23. Re1 Bb7 24. Re3 Re8 25. Rg3 Qb1+ 26. Kh2 Re1 27. Rg4
g6 28. Qxh6 f5 29. Qh8+ Kf7 30. Qh7+ Kf6 31. Rf4 Nd4 32. Rfxf5+ Nxf5 33. Qh8+
Ng7 34. Qh6 Nxh5 35. Qd2 Rh1# 0-1

[Event "MCR 2022 D08"]
[Site "Klatovy, Czech Republic"]
[Date "2022.04.09"]
[Round "6.4"]
[White "Kindelmannova, Svatava"]
[Black "Postlova, Agata"]
[Result "1-0"]
[WhiteElo "1000"]
[BlackElo "1000"]
[PlyCount "27"]
[EventDate "2022.04.09"]
[EventType "swiss"]
[EventRounds "9"]
[EventCountry "CZE"]

1. e4 e5 2. Nf3 Nc6 3. Bc4 Nf6 4. Ng5 h6 5. Nxf7 Qe7 6. Nxh8 Nd4 7. Ng6 Qc5 8.
b3 Nxc2+ 9. Qxc2 Qb4 10. Bf7+ Kd8 11. O-O d6 12. Nxf8 Bf5 13. Ne6+ Bxe6 14.
Bxe6 1-0

[Event "MCR 2022 D08"]
[Site "Klatovy, Czech Republic"]
[Date "2022.04.09"]
[Round "6.5"]
[White "Melicharova, Tereza"]
[Black "Petrovska, Adela"]
[Result "1-0"]
[WhiteElo "1000"]
[BlackElo "1000"]
[PlyCount "29"]
[EventDate "2022.04.09"]
[EventType "swiss"]
[EventRounds "9"]
[EventCountry "CZE"]

1. e4 e5 2. f4 Bc5 3. Nf3 Nf6 4. Nc3 Nc6 5. fxe5 Nh5 6. d4 Bb4 7. Bd2 Bxc3 8.
Bxc3 d6 9. exd6 cxd6 10. d5 Ne7 11. Nd4 Bd7 12. Qxh5 g6 13. Qd1 Qb6 14. Bc4 Bb5
15. Bxb5+ 1-0

[Event "MCR 2022 D08"]
[Site "Klatovy, Czech Republic"]
[Date "2022.04.09"]
[Round "6.6"]
[White "Fizerova, Veronika"]
[Black "Korytiakova, Sara"]
[Result "1-0"]
[WhiteElo "1000"]
[BlackElo "1000"]
[PlyCount "77"]
[EventDate "2022.04.09"]
[EventType "swiss"]
[EventRounds "9"]
[EventCountry "CZE"]

1. e4 e5 2. Nf3 Nf6 3. Nc3 Nc6 4. Bc4 Bc5 5. O-O O-O 6. d3 d6 7. Bg5 Bg4 8. d4
d5 9. exd5 exd4 10. dxc6 dxc3 11. bxc3 bxc6 12. Qb1 Rb8 13. Qc1 Qc8 14. Bxf6
Bxf3 15. Qf4 Qd8 16. Qxf3 Qe8 17. Bh4 Qd7 18. Rae1 Rbe8 19. Bxf7+ Rxf7 20. c4
Qf5 21. Qxc6 Ref8 22. Be7 Rxe7 23. Rxe7 Kh8 24. Re2 Qf6 25. Qxc5 Qf5 26. Qxa7
Qf7 27. f3 c6 28. Qc5 Qf5 29. Qxc6 Qf6 30. Qe4 Qf4 31. Qd5 Qf5 32. Qd3 Qxd3 33.
cxd3 Rg8 34. c5 Rc8 35. d4 Rd8 36. c6 Rc8 37. Re6 Rd8 38. Rd1 Rxd4 39. Re8# 1-0

[Event "MCR 2022 D08"]
[Site "Klatovy, Czech Republic"]
[Date "2022.04.10"]
[Round "7.1"]
[White "Tarielasvili, Kira"]
[Black "Topencikova, Ellen"]
[Result "1-0"]
[WhiteElo "1000"]
[BlackElo "1000"]
[PlyCount "87"]
[EventDate "2022.04.09"]
[EventType "swiss"]
[EventRounds "9"]
[EventCountry "CZE"]

1. e4 e6 2. d4 d5 3. Nc3 Nf6 4. e5 Nfd7 5. Nf3 Be7 6. Bd3 O-O 7. O-O Nb6 8. Be3
Nc6 9. Nd2 Bb4 10. Qh5 g6 11. Qh6 Bxc3 12. bxc3 Na5 13. Bg5 f6 14. Bxf6 Qd7 15.
Bb5 Qf7 16. Nf3 a6 17. Ng5 Bd7 18. Nxf7 Rxf7 19. Bxd7 Rxd7 20. Qh3 h5 21. Qxe6+
Kf8 22. Bg5 Nac4 23. Qf6+ Rf7 24. Bh6+ Ke8 25. Qe6+ Re7 26. Qxg6+ Kd7 27. Bg5
Re6 28. Qg7+ Kc6 29. Rfe1 Na3 30. Rac1 Na4 31. Re3 Nc4 32. Rf3 Kb5 33. Rf7 Rc6
34. Rb1+ Ka5 35. Rxc7 Rxc7 36. Qxc7+ b6 37. e6 Nxc3 38. Rb3 Nxa2 39. Bd2+ Nxd2
40. Qxb6+ Ka4 41. Rb2 Nc4 42. Rxa2+ Na3 43. Qb3+ Ka5 44. Rxa3# 1-0

[Event "MCR 2022 D08"]
[Site "Klatovy, Czech Republic"]
[Date "2022.04.10"]
[Round "7.2"]
[White "Chmelova, Klara"]
[Black "Tykalova, Barbora"]
[Result "0-1"]
[WhiteElo "1000"]
[BlackElo "1000"]
[PlyCount "70"]
[EventDate "2022.04.09"]
[EventType "swiss"]
[EventRounds "9"]
[EventCountry "CZE"]

1. e4 e5 2. Nf3 Nc6 3. Bb5 Nf6 4. d3 h6 5. Nc3 Bc5 6. Bxc6 dxc6 7. Be3 Bd6 8.
Qe2 O-O 9. O-O-O Be6 10. Kb1 Ng4 11. h3 Nxe3 12. fxe3 Qf6 13. Nd2 Bb4 14. Rhf1
Qe7 15. Na4 b5 16. a3 Bxd2 17. Qxd2 bxa4 18. Qc3 Rab8 19. Qxe5 Ba2+ 20. Kxa2
Qxe5 21. d4 Qe6+ 22. Kb1 Qxe4 23. Rfe1 Qxg2 24. Rg1 Qxh3 25. Rd2 Qxe3 26. Rdg2
g5 27. Rh1 Qxd4 28. c3 Qe4+ 29. Rc2 Qxh1+ 30. Rc1 Qe4+ 31. Ka1 Qe2 32. Rb1 Rfd8
33. b4 Qc4 34. Rc1 Rd2 35. Kb1 Qa2# 0-1

[Event "MCR 2022 D08"]
[Site "Klatovy, Czech Republic"]
[Date "2022.04.10"]
[Round "7.3"]
[White "Melicharova, Tereza"]
[Black "Kindelmannova, Svatava"]
[Result "1-0"]
[WhiteElo "1000"]
[BlackElo "1000"]
[PlyCount "59"]
[EventDate "2022.04.09"]
[EventType "swiss"]
[EventRounds "9"]
[EventCountry "CZE"]

1. e4 e5 2. f4 exf4 3. Nf3 Nc6 4. d4 g6 5. Bxf4 Bg7 6. Be3 Nf6 7. Nc3 O-O 8.
Bc4 Qe8 9. Bd3 Nb4 10. Ng5 Nxd3+ 11. Qxd3 Ng4 12. Bf4 f6 13. Nf3 g5 14. Bxc7 d6
15. Bxd6 Rf7 16. O-O Rd7 17. Qc4+ Kh8 18. Bb4 Rb8 19. h3 Rc7 20. Qxc7 Ne3 21.
Rfc1 Ra8 22. Ne2 Qg6 23. Qd8+ Bf8 24. Qxf8+ Qg8 25. Qxf6+ Qg7 26. Qd8+ Qg8 27.
Qd6 g4 28. d5 gxf3 29. Bc3+ Qg7 30. Qd8# 1-0

[Event "MCR 2022 D08"]
[Site "Klatovy, Czech Republic"]
[Date "2022.04.10"]
[Round "7.4"]
[White "Kadlecova, Samantha"]
[Black "Machacova, Lea"]
[Result "1-0"]
[WhiteElo "1000"]
[BlackElo "1000"]
[PlyCount "93"]
[EventDate "2022.04.09"]
[EventType "swiss"]
[EventRounds "9"]
[EventCountry "CZE"]

1. e4 e5 2. Nf3 Bc5 3. Bc4 d5 4. Bxd5 c6 5. Bc4 Nf6 6. Nc3 O-O 7. d3 Nbd7 8.
Bg5 b6 9. Ne2 h6 10. Bh4 Qc7 11. O-O Qd6 12. Ng3 Nxe4 13. dxe4 Qxd1 14. Raxd1
Nb8 15. Rd2 Bb4 16. c3 Bc5 17. Rfd1 Kh7 18. Rd8 Rxd8 19. Rxd8 Bf8 20. Rxc8 a6
21. Rxf8 Ra7 22. Rxb8 Rd7 23. h3 Rd1+ 24. Kh2 g5 25. Rxb6 gxh4 26. Nxh4 Kg7 27.
Rxa6 Kf6 28. Rxc6+ Kg5 29. Ngf5 Kf4 30. f3 h5 31. b4 Re1 32. b5 Re3 33. b6 Re1
34. b7 f6 35. Ne3 Kxe3 36. Rxf6 Kf2 37. b8=Q Rg1 38. Qxe5 Re1 39. Qxh5 Rg1 40.
Bb3 Kf1 41. Rd6 Kf2 42. Rd1 Rf1 43. Qh6 Re1 44. Qd2+ Re2 45. Qd4+ Re3 46. Nf5
Ke2 47. Qxe3# 1-0

[Event "MCR 2022 D08"]
[Site "Klatovy, Czech Republic"]
[Date "2022.04.10"]
[Round "7.5"]
[White "Postlova, Agata"]
[Black "Fizerova, Veronika"]
[Result "0-1"]
[WhiteElo "1000"]
[BlackElo "1000"]
[PlyCount "58"]
[EventDate "2022.04.09"]
[EventType "swiss"]
[EventRounds "9"]
[EventCountry "CZE"]

1. c4 e5 2. Nc3 Nf6 3. Nf3 Nc6 4. d3 d6 5. Bg5 h6 6. Bh4 g5 7. Bg3 Bg4 8. Nd2
Na5 9. e3 Bxd1 10. Nxd1 d5 11. Bxe5 Bg7 12. cxd5 Nxd5 13. e4 Bxe5 14. exd5 c6
15. dxc6 Nxc6 16. Nc4 Bf4 17. d4 Qe7+ 18. Nde3 Nxd4 19. Be2 Bxe3 20. O-O Bf4
21. Bd3 Qb4 22. a3 Qb3 23. Rab1 Qxd3 24. Rbc1 Bxc1 25. Rxc1 Ne2+ 26. Kf1 Nxc1+
27. Ke1 Kf8 28. f3 Qxc4 29. b3 Qxb3 0-1

[Event "MCR 2022 D08"]
[Site "Klatovy, Czech Republic"]
[Date "2022.04.10"]
[Round "7.6"]
[White "Kapucianova, Nela"]
[Black "Mauricova, Ivana"]
[Result "1-0"]
[WhiteElo "1000"]
[BlackElo "1000"]
[PlyCount "22"]
[EventDate "2022.04.09"]
[EventType "swiss"]
[EventRounds "9"]
[EventCountry "CZE"]

1. e4 e5 2. Nf3 Nf6 3. Nxe5 d6 4. Nc4 Bg4 5. f3 Bh5 6. g4 Bg6 7. g5 Nh5 8. Bh3
Be7 9. Rg1 Bxg5 10. e5 Bh4+ 11. Kf1 f5 1-0

[Event "MCR 2022 D08"]
[Site "Klatovy, Czech Republic"]
[Date "2022.04.10"]
[Round "8.1"]
[White "Tarielasvili, Kira"]
[Black "Melicharova, Tereza"]
[Result "1-0"]
[WhiteElo "1000"]
[BlackElo "1000"]
[PlyCount "91"]
[EventDate "2022.04.09"]
[EventType "swiss"]
[EventRounds "9"]
[EventCountry "CZE"]

1. e4 d5 2. exd5 Nf6 3. Nc3 c6 4. dxc6 Nxc6 5. Nf3 e5 6. Bb5 Bd7 7. Bxc6 Bxc6
8. Nxe5 Bxg2 9. Rg1 Bh3 10. Rg3 Bf5 11. d3 Qe7 12. d4 Qe6 13. Qe2 Bd6 14. Nd3
Qxe2+ 15. Nxe2 Bxg3 16. fxg3 Bxd3 17. cxd3 O-O 18. Bf4 Rac8 19. Bd6 Rfe8 20.
Bc5 Rc6 21. Bxa7 Rce6 22. Kd2 Rxe2+ 23. Kc3 Rxh2 24. Rc1 Rc8+ 25. Bc5 b6 26.
Kb4 bxc5+ 27. dxc5 Nd5+ 28. Kc4 Ne3+ 29. Kd4 Re8 30. c6 Re2 31. c7 Rc8 32. Ke5
Nc4+ 33. Kd5 Re5+ 34. Kxc4 Rxc7+ 35. Kd4 Rce7 36. Rc8+ Re8 37. Rc7 Ra5 38. a3
Ra4+ 39. Kc5 Ra5+ 40. Kd6 Raa8 41. d4 Rad8+ 42. Kc5 Rb8 43. d5 Re5 44. Kc6 Rxb2
45. Rc8+ Re8 46. Rxe8# 1-0

[Event "MCR 2022 D08"]
[Site "Klatovy, Czech Republic"]
[Date "2022.04.10"]
[Round "8.2"]
[White "Tykalova, Barbora"]
[Black "Topencikova, Ellen"]
[Result "0-1"]
[WhiteElo "1000"]
[BlackElo "1000"]
[PlyCount "130"]
[EventDate "2022.04.09"]
[EventType "swiss"]
[EventRounds "9"]
[EventCountry "CZE"]

1. e4 e6 2. Nf3 d5 3. exd5 exd5 4. Qe2+ Be7 5. Nc3 Nf6 6. g3 O-O 7. Bg2 Nc6 8.
O-O Bg4 9. Qe3 h6 10. Ne1 d4 11. Qd3 dxc3 12. Bxc6 Qxd3 13. Nxd3 bxc6 14. dxc3
Be2 15. Re1 Bxd3 16. cxd3 Bc5 17. d4 Bb6 18. a4 a5 19. Be3 Rfe8 20. c4 Ng4 21.
c5 Ba7 22. h3 Nxe3 23. fxe3 Re7 24. Rac1 Rae8 25. Rc3 Re4 26. Rd3 Rb8 27. Re2
Rb4 28. b3 h5 29. Kf2 h4 30. Kf3 f5 31. Rg2 hxg3 32. Rxg3 Re8 33. Rg5 Reb8 34.
Rxf5 Rxb3 35. Rd2 Rf8 36. Rxf8+ Kxf8 37. Rf2 Ke7 38. Ke4 Ra3 39. Rf5 Rxa4 40.
Re5+ Kf6 41. Rf5+ Kg6 42. h4 Rb4 43. h5+ Kh7 44. Ke5 g6 45. Rf7+ Kh6 46. Kf4
gxh5 47. Rf6+ Kg7 48. Kf5 a4 49. Rg6+ Kh7 50. Kg5 a3 51. Rh6+ Kg7 52. Rg6+ Kf7
53. Rxc6 Rb7 54. Ra6 Bxc5 55. dxc5 Rb5 56. Rc6 Ra5 57. Rxc7+ Ke6 58. Rc6+ Kd7
59. Rd6+ Kc7 60. Kf6 a2 61. Ke7 a1=Q 62. Rd7+ Kc6 63. Rd6+ Kxc5 64. Kd7 Ra7+
65. Ke8 Qh8# 0-1

[Event "MCR 2022 D08"]
[Site "Klatovy, Czech Republic"]
[Date "2022.04.10"]
[Round "8.3"]
[White "Fizerova, Veronika"]
[Black "Kadlecova, Samantha"]
[Result "1-0"]
[WhiteElo "1000"]
[BlackElo "1000"]
[PlyCount "24"]
[EventDate "2022.04.09"]
[EventType "swiss"]
[EventRounds "9"]
[EventCountry "CZE"]

1. e4 e5 2. Nf3 Nc6 3. Bc4 Bc5 4. O-O Nf6 5. Ng5 O-O 6. Nc3 h6 7. Nf3 d6 8. d3
Bg4 9. Nd5 Nxd5 10. Bxd5 Nd4 11. Bxb7 Rb8 12. c3 Nxf3+ 1-0

[Event "MCR 2022 D08"]
[Site "Klatovy, Czech Republic"]
[Date "2022.04.10"]
[Round "8.4"]
[White "Kapucianova, Nela"]
[Black "Chmelova, Klara"]
[Result "0-1"]
[WhiteElo "1000"]
[BlackElo "1000"]
[PlyCount "54"]
[EventDate "2022.04.09"]
[EventType "swiss"]
[EventRounds "9"]
[EventCountry "CZE"]

1. e4 e5 2. Nf3 Nc6 3. Bc4 d6 4. Ng5 Qxg5 5. d3 Qf6 6. Nc3 Qg6 7. Nd5 Rb8 8.
Nxc7+ Kd8 9. Nd5 Qxg2 10. Qh5 Qxh1+ 11. Kd2 g6 12. Qh4+ Be7 13. Nf6 Nxf6 14.
Bxf7 Nd4 15. c3 Nf3+ 16. Ke2 Nxh4 17. Bg5 Qxa1 18. Bxh4 Qxb2+ 19. Ke3 Qxc3 20.
f3 Rf8 21. Bd5 Nxd5+ 22. exd5 Bxh4 23. f4 exf4+ 24. Ke4 f3 25. d4 f2 26. a3
f1=Q 27. a4 Qfe1# 0-1

[Event "MCR 2022 D08"]
[Site "Klatovy, Czech Republic"]
[Date "2022.04.10"]
[Round "8.5"]
[White "Kindelmannova, Svatava"]
[Black "Petrovska, Adela"]
[Result "0-1"]
[WhiteElo "1000"]
[BlackElo "1000"]
[PlyCount "38"]
[EventDate "2022.04.09"]
[EventType "swiss"]
[EventRounds "9"]
[EventCountry "CZE"]

1. e4 e5 2. Nf3 Nc6 3. Bc4 Bb4 4. O-O d6 5. Ne1 Qg5 6. Qf3 Nf6 7. Nd3 Bg4 8.
Qg3 O-O 9. Nxb4 Nxb4 10. d4 Qh5 11. dxe5 dxe5 12. a3 Nxc2 13. Ra2 Nxe4 14. Qd3
Nd6 15. Qxc2 Nxc4 16. Qxc4 Qh4 17. g3 Qh3 18. Nc3 Bf3 19. Qh4 Qg2# 0-1

[Event "MCR 2022 D08"]
[Site "Klatovy, Czech Republic"]
[Date "2022.04.10"]
[Round "8.6"]
[White "Machacova, Lea"]
[Black "Hanzlova, Vendula"]
[Result "1-0"]
[WhiteElo "1000"]
[BlackElo "1000"]
[PlyCount "23"]
[EventDate "2022.04.09"]
[EventType "swiss"]
[EventRounds "9"]
[EventCountry "CZE"]

1. e4 e5 2. Bc4 Bc5 3. Nf3 Qe7 4. O-O Nh6 5. Qe2 Ng4 6. Ng5 Qxg5 7. d4 Bxd4 8.
Bxg5 d5 9. Qxg4 dxe4 10. Bb5+ Nd7 11. Bxd7+ Bxd7 12. Qxe4 1-0

[Event "MCR 2022 D08"]
[Site "Klatovy, Czech Republic"]
[Date "2022.04.10"]
[Round "9.1"]
[White "Petrovska, Adela"]
[Black "Tarielasvili, Kira"]
[Result "1/2-1/2"]
[WhiteElo "1000"]
[BlackElo "1000"]
[PlyCount "89"]
[EventDate "2022.04.09"]
[EventType "swiss"]
[EventRounds "9"]
[EventCountry "CZE"]

1. e4 e5 2. Nc3 Nf6 3. Nf3 Nc6 4. Bc4 Bc5 5. d3 d6 6. Bg5 Bg4 7. Bxf6 Qxf6 8.
O-O Bxf3 9. Qxf3 Qxf3 10. gxf3 Nd4 11. Nd5 Nxc2 12. Rac1 O-O 13. Nxc7 Nd4 14.
Nd5 Nxf3+ 15. Kh1 h6 16. Ne7+ Kh8 17. h3 Rae8 18. Nd5 Nd2 19. Rfd1 Nxc4 20.
dxc4 Bxf2 21. Nb4 b6 22. Rxd6 Bc5 23. Rd5 Bxb4 24. Rb5 Bc5 25. Rd1 Rd8 26. Rxd8
Rxd8 27. b3 Rd1+ 28. Kg2 Kh7 29. Ra5 Kg6 30. Rxa7 Kg5 31. Rxf7 Ra1 32. Rxg7+
Kf4 33. Rh7 Kxe4 34. Rxh6 Rxa2+ 35. Kg3 Kd3 36. Rh5 Kc3 37. Rxe5 Kxb3 38. Re6
Bg1 39. Rd6 Kxc4 40. Kg4 Bh2 41. Rxb6 Ra3 42. Kf5 Rxh3 43. Kg4 Kc5 44. Kxh3
Kxb6 45. Kxh2 1/2-1/2

[Event "MCR 2022 D08"]
[Site "Klatovy, Czech Republic"]
[Date "2022.04.10"]
[Round "9.2"]
[White "Topencikova, Ellen"]
[Black "Fizerova, Veronika"]
[Result "1-0"]
[WhiteElo "1000"]
[BlackElo "1000"]
[PlyCount "35"]
[EventDate "2022.04.09"]
[EventType "swiss"]
[EventRounds "9"]
[EventCountry "CZE"]

1. e4 c5 2. Nf3 d5 3. d4 dxe4 4. Ng5 Nf6 5. Bc4 Bg4 6. Qd2 e5 7. Nxf7 Qc8 8.
Nxh8 cxd4 9. O-O e3 10. Bf7+ Ke7 11. Qb4+ Qc5 12. Qxc5+ Kd8 13. Qxf8+ Kc7 14.
fxe3 Ne4 15. Qe7+ Kc8 16. Bh5 Bxh5 17. Rf8+ Be8 18. Rxe8# 1-0

[Event "MCR 2022 D08"]
[Site "Klatovy, Czech Republic"]
[Date "2022.04.10"]
[Round "9.3"]
[White "Melicharova, Tereza"]
[Black "Tykalova, Barbora"]
[Result "0-1"]
[WhiteElo "1000"]
[BlackElo "1000"]
[PlyCount "28"]
[EventDate "2022.04.09"]
[EventType "swiss"]
[EventRounds "9"]
[EventCountry "CZE"]

1. e4 e5 2. f4 exf4 3. Nf3 Nf6 4. Nc3 Bc5 5. d4 Bb4 6. Bd2 Bxc3 7. Bxc3 Nxe4 8.
Qe2 Qe7 9. Ba5 b6 10. Bc3 O-O 11. Bd2 Ba6 12. Qd1 Nc3+ 13. Qe2 Bxe2 14. Bxe2
Qxe2# 0-1

[Event "MCR 2022 D08"]
[Site "Klatovy, Czech Republic"]
[Date "2022.04.10"]
[Round "9.4"]
[White "Chmelova, Klara"]
[Black "Kadlecova, Samantha"]
[Result "1-0"]
[WhiteElo "1000"]
[BlackElo "1000"]
[PlyCount "133"]
[EventDate "2022.04.09"]
[EventType "swiss"]
[EventRounds "9"]
[EventCountry "CZE"]

1. e4 e5 2. Nf3 Bc5 3. Nxe5 Nc6 4. Nxc6 dxc6 5. Nc3 Nf6 6. d3 Be6 7. Bg5 h6 8.
Bh4 g5 9. Bg3 Qd7 10. Qe2 O-O-O 11. Be5 Qe7 12. Qf3 Rhg8 13. Bxf6 Qe8 14. Bxd8
Qxd8 15. O-O-O Qd7 16. Qh5 Bg4 17. Qxh6 Bxd1 18. Nxd1 Qd6 19. Qxd6 Bxd6 20. g3
Re8 21. Bh3+ Kb8 22. Bd7 Re7 23. Bg4 Re5 24. h4 Ra5 25. hxg5 a6 26. a3 Be7 27.
Rh8+ Ka7 28. Rh7 Bxg5+ 29. Ne3 f6 30. Rxc7 Kb6 31. Rg7 Bh6 32. Rg6 Bxe3+ 33.
fxe3 f5 34. exf5 Re5 35. e4 a5 36. f6 Re8 37. f7 Rf8 38. Rg8 Rxf7 39. Bh5 Rh7
40. Bg6 Rh3 41. e5 Rxg3 42. e6 Re3 43. Re8 Re1+ 44. Kd2 Re5 45. e7 Re6 46. Bf7
Re5 47. Rh8 Kc7 48. e8=Q Rxe8 49. Rxe8 Kd7 50. Rh8 Ke7 51. Bh5 b5 52. b4 axb4
53. axb4 Kf6 54. c4 bxc4 55. dxc4 Ke7 56. Rh7+ Kd6 57. Rh8 c5 58. bxc5+ Kxc5
59. Rc8+ Kb6 60. c5+ Kb7 61. Bg4 Ka6 62. Rb8 Ka7 63. Rb1 Ka6 64. c6 Ka5 65. c7
Ka4 66. c8=Q Ka3 67. Qa8# 1-0

[Event "MCR 2022 D08"]
[Site "Klatovy, Czech Republic"]
[Date "2022.04.10"]
[Round "9.5"]
[White "Korytiakova, Sara"]
[Black "Kindelmannova, Svatava"]
[Result "0-1"]
[WhiteElo "1000"]
[BlackElo "1000"]
[PlyCount "20"]
[EventDate "2022.04.09"]
[EventType "swiss"]
[EventRounds "9"]
[EventCountry "CZE"]

1. d4 Nc6 2. Bg5 f6 3. Bf4 e5 4. dxe5 fxe5 5. Bg3 Qf6 6. Qc1 Bb4+ 7. Kd1 Qd6+
8. Nd2 Nd4 9. Qb1 Nb3 10. Ke1 Qxd2# 0-1

[Event "MCR 2022 D08"]
[Site "Klatovy, Czech Republic"]
[Date "2022.04.10"]
[Round "9.6"]
[White "Mauricova, Ivana"]
[Black "Postlova, Agata"]
[Result "1-0"]
[WhiteElo "1000"]
[BlackElo "1000"]
[PlyCount "63"]
[EventDate "2022.04.09"]
[EventType "swiss"]
[EventRounds "9"]
[EventCountry "CZE"]

1. e4 c5 2. Bb5 e6 3. Nf3 a6 4. Ba4 Bd6 5. h3 Nf6 6. Nc3 O-O 7. O-O Qc7 8. d3
Nc6 9. Bb3 Nh5 10. a4 e5 11. Ng5 b6 12. Qf3 Nf6 13. Nd5 Nxd5 14. Bxd5 Nb4 15.
Nxf7 Nxd5 16. Ra3 c4 17. d4 Bxa3 18. bxa3 Bb7 19. Bh6 d6 20. Re1 Rxf7 21. Qg3
exd4 22. e5 dxe5 23. Qg5 g6 24. Rxe5 d3 25. cxd3 cxd3 26. h4 d2 27. Qxd2 Qxe5
28. Qd3 Rc8 29. f4 Rc3 30. Qd2 Qd6 31. Qd4 Rf8 32. Qg7# 1-0